000 00937nam a2200241Ii 4500
003 JO-AjNU
008 230605s9999||||xx |||||||||||||| ||und||
017 _a2005/19514
020 _a977-337-214-6
040 _aJO-AjNU
_bara
_erda
_cJO-AjNU
041 _aara
050 1 4 _aHD37.A7.I32.2008
100 3 _aخبراء مركز الخبرات المهنية للادارة بميك؛ مستشار علمي عبدالرحمن توفيق,
_eauthor
_944099
245 0 0 _aادارة المنظمات في ظل المتغيرات العالمية=Managing Organizations
250 _aط3
264 3 1 _aالقاهرة:مركز الخبرات المهنية للادارة بميك،2008
300 _a51ص
336 _atext
_btxt
_2rdacontent
337 _aunmediated
_bn
_2rdamedia
338 _avolume
_bnc
_2rdacarrier
490 0 _aالمناهج التدريبية 61
650 4 _aالادارة-ادارة الافراد
_944100
999 _aA19012
_c22580
_d22580